000 00336nam a2200133 a 4500
008 101213s1988|||| d
245 1 0 _aPiesne svetské ľudu slovenského v Uhorsku
100 1 _aKollár, Ján
700 1 _aŠafárik, P. J.
260 _bTatran
_aBratislava
_c1988
020 _c24
044 _axo
_cSK
041 _aslo
999 _c15203
_d15203